Normal view
MARC view
Entry Nombre geográfico
001 - NÚMERO DE CONTROL
- campo de control: 8008
003 - IDENTIFICADOR DEL NÚMERO DE CONTROL
- campo de control: OSt
005 - FECHA Y HORA DE LA ÚLTIMA TRANSACCIÓN
- campo de control: 20200615032210.0
008 - DATOS DE LONGITUD FIJA
- campo de control de longitud fija: 200615|| aca||aabn | a|a d
040 ## - FUENTE DE LA CATALOGACIÓN
- Centro catalogador/agencia de origen: OSt
- Centro/agencia transcriptor: OSt
151 ## - ENCABEZAMIENTO--NOMBRE GEOGRÁFICO
- Nombre geográfico: URUGUAY
- Subdivisión general: POLÍTICA Y GOBIERNO
- Subdivisión cronológica: 1810-
- Subdivisión general: FILOSOFÍA
- Subdivisión general: CONGRESO
670 ## - FUENTE DE DATOS ENCONTRADOS
- Cita de la fuente: Work cat.: (OSt)2383: Simposio Internacional, coloquios y conferencia Parque Hotel, Montevideo, Uruguay Del 7 al 10 de Junio de 1988 8007, Las ideas filosóficas que influyeron en la formación del Uruguay contemporáneo., 1988.
